000 00537nam a2200181Ia 4500
008 100920s9999 xx 000 0 und d
082 _b3061
_a891.461 थ 51
100 _aपिंपळकर कृष्णा.
245 _aचांदण्या.
260 _bपूजा प्रकाशन, नागपूर.
_c1951
300 _a31
_bसाधी
365 _b0.5
520 _aपदय.
630 _aचांदण्या.
650 _aपदय.
730 _aचांदण्या.
942 _cBOOK
999 _c673221
_d673218